| 000 | 00402nam a2200169 4500 | ||
|---|---|---|---|
| 001 | 45985 | ||
| 090 | _a45985 | ||
| 100 | _a20260407 pory50 | ||
| 101 | _apor | ||
| 102 | _aPT | ||
| 200 |
_aOleiros quinhenttistas em Portugal _fVergílio Correia |
||
| 210 | _c[revista] Águia | ||
| 215 | _a1 v. | ||
| 305 | _aSep. da Águia, vol. XV, p. 128 | ||
| 675 | _a738(469) | ||
| 801 |
_aPT _gRPC |
||
| 990 | _cLIVROS | ||